[Event "17th Caspian Cup-Masters 2019"]
[Site "Anzali"]
[Date "2019.02.12"]
[Round "1.9"]
[White "Doostkam, P."]
[Black "Gholami Orimi, Mahdi"]
[Result "1/2-1/2"]
[WhiteElo "2115"]
[BlackElo "2375"]
[Annotator "NA"]
[PlyCount "97"]
[EventDate "2019.02.12"]
[EventType "swiss"]
[EventRounds "9"]
[EventCountry "IRI"]
[SourceTitle "playchess.com"]
[Source "ChessBase"]
[SourceQuality "1"]
[TimeControl "5400+30"]

1. c4 {[%emt 0:00:00]} e6 {[%emt 0:00:00]} 2. Nc3 {[%emt 0:00:51]} d5 {[%emt 0:00:00]} 3. e3 {[%emt 0:00:20]} Nf6 {[%emt 0:00:03]} 4. Nf3 {[%emt 0:00:19]} dxc4 {[%emt 0:00:25]} 5. Bxc4 {[%emt 0:00:17]} a6 {[%emt 0:00:01]} 6. a4 {[%emt 0:03:23]} b6 {[%emt 0:00:25]} 7. O-O {[%emt 0:00:47]} Bb7 {[%emt 0:00:04]} 8. d4 {[%emt 0:00:20]} Nbd7 {[%emt 0:00:02]} 9. Qe2 {[%emt 0:01:01]} Bd6 {[%emt 0:04:51]} 10. e4 {[%emt 0:09:12]} e5 {[%emt 0:01:04]} 11. Rd1 {[%emt 0:17:53]} Qe7 {[%emt 0:11:06]} 12. dxe5 {[%emt 0:07:21]} Nxe5 {[%emt 0:01:21]} 13. Nxe5 {[%emt 0:01:30]} Bxe5 {[%emt 0:00:29]} 14. Nd5 {[%emt 0:02:38]} Nxd5 {[%emt 0:01:56]} 15. Bxd5 {[%emt 0:00:23]} Bxd5 {[%emt 0:05:31]} 16. Rxd5 {[%emt 0:00:15]} O-O {[%emt 0:01:15]} 17. Be3 {[%emt 0:08:59]} Bd6 {[%emt 0:02:07]} 18. Qd3 {[%emt 0:02:47]} Rae8 {[%emt 0:03:14]} 19. Bxb6 {[%emt 0:04:36]} Qxe4 {[%emt 0:03:03]} 20. Qxe4 {[%emt 0:07:19]} Rxe4 {[%emt 0:00:05]} 21. Bc5 {[%emt 0:03:44]} Rfe8 {[%emt 0:01:47]} 22. f3 {[%emt 0:01:00]} Bxc5+ {[%emt 0:13:23]} 23. Rxc5 {[%emt 0:00:04]} Re2 {[%emt 0:00:07]} 24. Rxc7 {[%emt 0:05:18]} Rxb2 {[%emt 0:00:48]} 25. Rac1 {[%emt 0:00:34]} Ra2 {[%emt 0:00:19]} 26. Rc8 {[%emt 0:02:58]} Kf8 {[%emt 0:00:45]} 27. Rxe8+ {[%emt 0:00:53]} Kxe8 28. Rc4 {[%emt 0:00:31]} Kd7 {[%emt 0:00:20]} 29. h4 {[%emt 0:00:44]} a5 {[%emt 0:06:36]} 30. h5 {[%emt 0:01:00]} Kd6 {[%emt 0:00:36]} 31. Rf4 {[%emt 0:00:13]} Ke6 {[%emt 0:01:32]} 32. Re4+ {[%emt 0:01:20]} Kf5 {[%emt 0:00:52]} 33. Rc4 {[%emt 0:00:53]} Kf6 {[%emt 0:00:07]} 34. Rc6+ {[%emt 0:01:21]} Ke7 {[%emt 0:00:03]} 35. Rc7+ {[%emt 0:00:12]} Ke6 {[%emt 0:00:11]} 36. Rc4 {[%emt 0:01:22]} g6 {[%emt 0:01:38]} 37. h6 {[%emt 0:01:56]} Kf6 {[%emt 0:04:02]} 38. Rc6+ {[%emt 0:01:00]} Kg5 {[%emt 0:02:31]} 39. Rc5+ {[%emt 0:00:02]} Kxh6 {[%emt 0:00:54]} 40. Rxa5 {[%emt 0:00:04]} f5 {[%emt 0:00:25]} 41. Ra7 {[%emt 0:01:05]} g5 {[%emt 0:00:18]} 42. Ra6+ {[%emt 0:00:49]} Kh5 {[%emt 0:00:05]} 43. Ra7 {[%emt 0:00:18]} h6 {[%emt 0:00:29]} 44. Ra6 {[%emt 0:00:30]} g4 {[%emt 0:01:03]} 45. fxg4+ {[%emt 0:00:35]} fxg4 {[%emt 0:00:01]} 46. g3 {[%emt 0:02:31]} Kg5 {[%emt 0:00:02]} 47. Ra5+ {[%emt 0:00:14]} Kf6 {[%emt 0:00:36]} 48. Kh1 {[%emt 0:01:42]} Ke6 {[%emt 0:00:16]} 49. Kg1 {[%emt 0:00:59] Ke5} 1/2-1/2

[Event "17th Caspian Cup-Masters 2019"]
[Site "Anzali"]
[Date "2019.02.13"]
[Round "2.1"]
[White "Grigoryan, Karen H."]
[Black "Sadeh, Shahin"]
[Result "1-0"]
[WhiteElo "2590"]
[BlackElo "2242"]
[Annotator "TA"]
[PlyCount "71"]
[EventDate "2019.02.12"]
[EventType "swiss"]
[EventRounds "9"]
[EventCountry "IRI"]
[SourceTitle "playchess.com"]
[Source "ChessBase"]
[SourceQuality "1"]

{[%evp 22,71,74,66,115,139,189,187,197,158,207,200,209,227,214,232,324,286,252,275,259,155,279,274,258,257,448,425,664,649,1100,899,831,790,760,776,1186,1202,1159,1110,1077,1068,29982,29983,29989,29986,29986,29987,29987,29988,29988,29989]} 1. d4 Nf6 2. c4 g6 3. Nc3 Bg7 4. e4 d6 5. f3 O-O 6. Be3 e5 7. d5 c6 8. Qd2 cxd5 9. cxd5 Nbd7 10. g4 a6 11. Nge2 b5 12. Ng3 b4 {E89: King's Indian: Sämisch: 6...e5 7 d5 c6 8 Nge2 cxd5} (12... Nb6 13. h4 Nfd7 14. h5 Qe7 15. Qh2 Bh8 16. Bh6 Bb7 17. Nd1 Rfc8 18. Ne3 Rc7 19. Be2 g5 20. Nef5 Qd8 21. Nxd6 {½-½ (28) Lupulescu,C (2634)-Fedorov,A (2567) Mamaia 2013}) 13. Na4 {[%cal Bc3a4,Ba4b2,Bb2c4][%mdl 32]} Qa5 14. b3 Ne8 {White is clearly better.} 15. Nb2 Rb8 16. Nc4 Qd8 $146 ({Predecessor:} 16... Qc7 17. Rc1 a5 18. h4 Ba6 19. Nxd6 Qxd6 20. Rc6 Bxf1 21. Rxd6 Nxd6 22. Rxf1 {1-0 (36) Milev,Z-Dittmann,S Kienbaum 1958}) 17. h4 $1 Nc5 18. h5 f5 19. gxf5 gxf5 20. Bxc5 (20. Nxf5 $6 Bxf5 21. h6 (21. exf5 e4 $16) 21... Bg6 $16) (20. exf5 e4 $14) 20... dxc5 {[#]} 21. Bh3 (21. exf5 e4 $11) (21. d6 $1 $18) 21... fxe4 (21... f4 $16) 22. Bxc8 $18 (22. Nxe4 Qh4+ 23. Qf2 Qxf2+ 24. Kxf2 Nf6 $16) (22. fxe4 $6 Bxh3 23. Rxh3 Bf6 $16) 22... Qxc8 23. d6 {Threatens to win with h6.} (23. fxe4 Qg4 $16) (23. Nxe4 Rxf3 24. Ng5 e4 $14) 23... Qe6 $2 {[#]} (23... exf3 24. d7 {[%mdl 64] Double Attack} Qc6) 24. h6 $1 (24. Nxe4 Bh6 $16) 24... Rxf3 (24... Bf6 $142 25. Nxe4 Kh8) 25. Nxe4 ({Weaker is} 25. hxg7 Rxg3 26. d7 Rd8 $16) 25... Nf6 26. Ng5 Qg4 27. Nxf3 ({Wrong is} 27. hxg7 $2 Qg3+ 28. Kd1 Rd3 $19) 27... Qxf3 28. Rg1 {[%mdl 64] Pin} Qe4+ 29. Qe3 Qh4+ 30. Kd2 Qh2+ 31. Kc1 Nd5 32. Rxg7+ {White mates.} Kh8 33. Qxe5 Qxh6+ 34. Rg5+ Nf6 35. d7 Rg8 {[#]} 36. Kc2 $1 {[%mdl 512] Accuracy: White = 77%, Black = 30%.} 1-0

[Event "17th Caspian Cup-Masters 2019"]
[Site "Anzali"]
[Date "2019.02.13"]
[Round "2.2"]
[White "Veisi, Bardia"]
[Black "Bernadskiy, Vitaliy"]
[Result "1/2-1/2"]
[WhiteElo "2243"]
[BlackElo "2570"]
[Annotator "RC"]
[PlyCount "81"]
[EventDate "2019.02.12"]
[EventType "swiss"]
[EventRounds "9"]
[EventCountry "IRI"]
[SourceTitle "playchess.com"]
[Source "ChessBase"]
[SourceQuality "1"]
[TimeControl "5400+30"]

1. d4 {[%emt 0:02:27]} d5 {[%emt 0:00:00]} 2. c4 {[%emt 0:00:07]} c6 {[%emt 0:00:00]} 3. Nc3 {[%emt 0:00:08]} Nf6 {[%emt 0:00:17]} 4. cxd5 {[%emt 0:06:16]} cxd5 {[%emt 0:00:05]} 5. Bf4 {[%emt 0:00:08]} a6 {[%emt 0:01:49]} 6. e3 {[%emt 0:00:16]} Nc6 {[%emt 0:00:10]} 7. Nf3 {[%emt 0:07:20]} Nh5 {[%emt 0:05:07]} 8. Bg5 {[%emt 0:01:23]} h6 {[%emt 0:00:16]} 9. Bh4 {[%emt 0:00:08]} g5 {[%emt 0:00:40]} 10. Nd2 {[%emt 0:00:30]} Ng7 {[%emt 0:01:13]} 11. Bg3 {[%emt 0:00:11]} Nf5 {[%emt 0:00:08]} 12. Bd3 {[%emt 0:02:53]} Bg7 {[%emt 0:01:09]} 13. Nb3 {[%emt 0:02:33]} h5 {[%emt 0:02:59]} 14. Qb1 {[%emt 0:04:32]} e6 {[%emt 0:02:17]} 15. Bxf5 {[%emt 0:01:39]} exf5 {[%emt 0:00:11]} 16. h4 {[%emt 0:01:36]} f4 {[%emt 0:01:56]} 17. exf4 {[%emt 0:01:24]} g4 18. O-O {[%emt 0:03:21]} O-O {[%emt 0:00:10]} 19. Re1 {[%emt 0:03:45]} Ne7 {[%emt 0:01:11]} 20. Rxe7 {[%emt 0:08:45]} Qxe7 {[%emt 0:00:25]} 21. Nxd5 {[%emt 0:00:27]} Qd8 {[%emt 0:01:10]} 22. Ne3 {[%emt 0:00:16]} Bxd4 {[%emt 0:04:07]} 23. Nxd4 {[%emt 0:00:19]} Qxd4 {[%emt 0:00:07]} 24. f5 {[%emt 0:00:04]} Bd7 {[%emt 0:01:11]} 25. Qc2 {[%emt 0:02:32]} Bc6 {[%emt 0:09:04]} 26. Rd1 {[%emt 0:00:47]} Qe4 {[%emt 0:00:04]} 27. Qc3 {[%emt 0:00:06]} f6 {[%emt 0:04:29]} 28. Rd6 {[%emt 0:00:48]} Qe7 {[%emt 0:03:34]} 29. Re6 {[%emt 0:04:31]} Qf7 {[%emt 0:00:11]} 30. Bd6 {[%emt 0:04:52]} Rac8 {[%emt 0:11:59]} 31. Bxf8 {[%emt 0:02:31]} Rxf8 {[%emt 0:00:20]} 32. Qd4 {[%emt 0:01:20]} Bd7 {[%emt 0:02:18]} 33. Rd6 {[%emt 0:00:16]} Bc6 {[%emt 0:00:05]} 34. Nd5 {[%emt 0:08:50]} Bxd5 {[%emt 0:00:23]} 35. Rxd5 {[%emt 0:00:06]} Re8 {[%emt 0:00:06]} 36. Rd7 {[%emt 0:01:24]} Re7 {[%emt 0:00:15]} 37. Rd8+ {[%emt 0:00:25]} Kg7 {[%emt 0:00:20]} 38. Qd6 {[%emt 0:00:06]} Rc7 {[%emt 0:00:56]} 39. Kh2 {[%emt 0:02:37]} Qe7 {[%emt 0:02:18]} 40. Qd5 {[%emt 0:01:51]} Qe5+ {[%emt 0:04:14]} 41. Qxe5 {[%emt 0:01:06]} 1/2-1/2

[Event "17th Caspian Cup-Masters 2019"]
[Site "Anzali"]
[Date "2019.02.13"]
[Round "2.3"]
[White "Mosadeghpour, Masoud"]
[Black "Dilanyan, Grigor"]
[Result "1/2-1/2"]
[WhiteElo "2531"]
[BlackElo "2241"]
[Annotator "TA"]
[PlyCount "88"]
[EventDate "2019.02.12"]
[EventType "swiss"]
[EventRounds "9"]
[EventCountry "IRI"]
[SourceTitle "playchess.com"]
[Source "ChessBase"]
[SourceQuality "1"]

{[%evp 19,88,20,36,-6,-6,-41,-10,-31,-3,-31,-26,-19,-20,-36,-20,-33,-15,-20,-12,-10,13,13,13,13,20,16,26,0,10,13,18,8,15,14,29,26,26,26,25,34,15,0,0,-31,-32,-28,0,0,0,0,0,4,8,8,8,8,8,0,0,0,0,0,0,0,0,0,0,0,0,0,0]} 1. e4 e5 2. Nf3 Nc6 3. Bb5 a6 4. Ba4 Nf6 5. O-O Nxe4 6. d4 b5 7. Bb3 d5 8. dxe5 Be6 9. c3 Bc5 10. Nbd2 O-O 11. Nxe4 {C82: Open Ruy Lopez: 9 c3 without 9...Be7} (11. Bc2 {with more complications.} Bf5 12. Nb3 Bb6 13. Nfd4 Nxd4 14. cxd4 a5 15. a4) (11. Bc2 Nxf2 12. Rxf2 f6 13. Nf1 Bxf2+ 14. Kxf2 fxe5 15. Kg1 Qd6 16. Ng3 h6 17. Qe1 Bg4 18. Nh4 e4 19. h3 Bd7 20. Be3 Qf6 {½-½ (42) Vachier Lagrave,M (2779)-Mamedyarov,S (2801) Biel 2018}) 11... dxe4 12. Qxd8 (12. Ng5 $5 {[%cal Rd1h5]} Bxb3 13. axb3 $11) 12... Raxd8 13. Ng5 {[%mdl 64] [#] Double Attack} Nxe5 {Threatening ...Bf5.} 14. Bxe6 fxe6 15. Nxe4 Bb6 16. g3 $146 ({Predecessor:} 16. Be3 Bxe3 17. fxe3 Nc4 18. Rxf8+ Kxf8 {0-1 (29) Garcia Gomez,L (1816)-Vargas Drechsler,C (2103) Sant Adria de Besos 2017}) 16... Nd3 17. Kg2 Rd5 18. b3 Re5 19. f3 a5 20. Rd1 Nc5 21. Bf4 Ref5 22. Nxc5 Bxc5 23. Re1 g5 24. Bxc7 Rxf3 25. Re5 Rf2+ 26. Kh1 Rf1+ 27. Rxf1 Rxf1+ $11 {[%mdl 4096] Endgame KRB-KRB} 28. Kg2 Rf2+ $1 29. Kh3 Be7 $1 30. Rxe6 ({But not} 30. Bxa5 $2 h5 $19) 30... Kf7 31. Re5 h5 {[%csl Gh5][%cal Rg5g4]} 32. g4 Rf3+ {[%mdl 64] [#] Double Attack} 33. Kg2 {The position is equal.} Rxc3 34. Rf5+ Ke6 35. Bxa5 Rc2+ 36. Rf2 Rxf2+ 37. Kxf2 hxg4 {KB-KB} 38. Bc7 {Hoping for Kg3.} b4 39. Bb8 Bc5+ 40. Ke2 Kd5 41. Kd3 Be7 42. Bg3 Bf6 43. Be1 Be7 44. Bg3 Bc5 {Accuracy: White = 56%, Black = 58%.} 1/2-1/2

[Event "17th Caspian Cup-Masters 2019"]
[Site "Anzali"]
[Date "2019.02.13"]
[Round "2.4"]
[White "Sedaghati, Mehrdad"]
[Black "Malakhatko, Vadim"]
[Result "1/2-1/2"]
[WhiteElo "2219"]
[BlackElo "2525"]
[Annotator "TA"]
[PlyCount "93"]
[EventDate "2019.02.12"]
[EventType "swiss"]
[EventRounds "9"]
[EventCountry "IRI"]
[SourceTitle "playchess.com"]
[Source "ChessBase"]
[SourceQuality "1"]

{[%evp 14,93,28,28,28,27,27,46,42,41,0,0,0,0,0,-18,-16,-7,8,0,2,0,0,0,-8,-14,0,-14,-21,-14,-20,-16,-16,-28,-22,-32,-31,-29,-25,-32,-21,-24,-24,-33,-23,-37,-22,-32,-16,-21,-5,-6,-6,-5,-5,-25,-29,-34,-31,-33,0,0,0,0,0,0,0,-19,8,-27,43,-29,0,-26,0,0,0,0,0,0,0,0]} 1. e4 e6 2. d4 d5 3. Nd2 c5 4. exd5 Qxd5 5. Ngf3 cxd4 6. Bc4 Qd8 7. O-O Nc6 8. Nb3 a6 {C07: French Tarrasch: 3...c5, 4 Ngf3 and 4 exd5 Qxd5} 9. Nbxd4 Nxd4 10. Nxd4 Qc7 {White is slightly better.} 11. Bb3 (11. Qe2 Bd6 12. h3 Ne7 13. Be3 O-O 14. Rad1 b5 15. Bb3 Ng6 16. c4 bxc4 17. Qxc4 Bh2+ 18. Kh1 Qxc4 19. Bxc4 Bf4 20. Bxf4 {½-½ (20) Adams,M (2706)-Howell,D (2687) Hull 2018}) 11... Bd6 12. h3 Ne7 13. Qe2 O-O 14. Bg5 $146 ({Predecessor:} 14. c3 b6 15. Rd1 Ng6 16. Bc2 {0-1 (71) Wang,J (2356)-Lou,Y (2484) Philadelphia 2018}) 14... Ng6 15. Rad1 Bh2+ 16. Kh1 {[#] And now g3 would win.} Bf4 17. Bxf4 Nxf4 18. Qe3 b5 19. Ne2 Ng6 20. Qg3 Qxg3 21. Nxg3 Bb7 22. Rd7 Bc6 23. Rd6 Rfc8 24. f3 Kf8 25. Re1 Ne7 26. Rd4 Rd8 27. Red1 Rxd4 28. Rxd4 a5 {[%cal Ba6a5,Ba5a4][%mdl 32] [#] Threatens to win with ...a4.} 29. a3 g6 30. Kg1 Rc8 31. c3 a4 32. Ba2 Bd5 33. Bxd5 Nxd5 $11 {[%mdl 4096] Endgame KRN-KRN} 34. Ne4 Ke7 35. Kf2 f5 36. Nd2 Kd6 37. f4 e5 38. fxe5+ Kxe5 39. Nf3+ Kd6 40. Rd1 Rc7 41. Ng5 Rc8 (41... Re7 $11) 42. Nf3 (42. Nxh7 $14 Kc5 43. Ng5) 42... Kc5 43. Nd4 Nc7 44. Nf3 {The position is equal.} Nd5 45. Ng5 Nf6 46. Ne6+ Kc6 47. Nd4+ {Accuracy: White = 65%, Black = 59%.} 1/2-1/2

[Event "17th Caspian Cup-Masters 2019"]
[Site "Anzali"]
[Date "2019.02.13"]
[Round "2.5"]
[White "Nazari, Arad"]
[Black "Tahbaz, Arash"]
[Result "1-0"]
[WhiteElo "2210"]
[BlackElo "2484"]
[Annotator "TA"]
[PlyCount "111"]
[EventDate "2019.02.12"]
[EventType "swiss"]
[EventRounds "9"]
[EventCountry "IRI"]
[SourceTitle "playchess.com"]
[Source "ChessBase"]
[SourceQuality "1"]

{[%evp 9,111,44,59,40,38,-4,2,-21,0,-37,-14,-150,-132,-125,-89,-138,-100,-150,-152,-166,-156,-131,-14,0,-12,-25,110,116,106,115,98,110,116,102,97,98,102,32,27,0,0,0,118,119,139,114,153,151,230,221,266,266,262,257,239,226,223,215,241,227,227,227,269,229,226,226,230,222,226,216,279,279,276,261,282,273,270,240,305,290,437,422,408,402,433,415,493,489,475,463,526,504,730,708,722,714,12313,11189,29968,29968,29969,29971,5651,5634]} 1. e4 g6 2. d4 Bg7 3. Nc3 d6 4. f4 a6 5. Nf3 b5 6. Be3 {B06: Modern Defence} (6. Bd3 Nd7 7. a4 b4 8. Ne2 c5 9. c3 Bb7 10. O-O Ngf6 11. e5 Nd5 12. Bd2 bxc3 13. bxc3 cxd4 14. cxd4 O-O {0-1 (49) Anand,V (2759)-Nakamura,H (2769) Leuven 2018}) 6... Bb7 7. a3 Nd7 8. e5 {The position is equal.} Nh6 9. Bd3 c5 10. exd6 $146 (10. Qe2 $11 {keeps the balance.}) ({Predecessor:} 10. dxc5 dxe5 11. fxe5 Ng4 12. Bd4 Ndxe5 13. Nxe5 Nxe5 14. Be4 Bxe4 15. Nxe4 Qd5 16. Nc3 Qxg2 17. Rf1 Rd8 18. Ne2 {0-1 (18) Bernotas,A (2430)-Neiksans,A (2582) Riga 2018}) 10... exd6 $17 11. O-O Ng4 12. dxc5 O-O (12... dxc5 13. Bc1 $17) 13. Bd2 Nxc5 14. Be2 Qb6 15. Kh1 Ne4 (15... Nd7 $17 16. Qe1 Rae8) 16. Nxe4 $11 Bxe4 17. Ng5 Bxc2 (17... Nf6 $1 $11) 18. Qxc2 $16 Nf2+ 19. Rxf2 $1 Qxf2 20. Qd3 {aiming for Be3.} Qd4 21. Qxd4 Bxd4 22. Rb1 $1 Rfe8 {[#]} 23. Bf3 ({Better is} 23. Bd3 $1 $16) 23... Rac8 $14 24. Ne4 Rc2 $1 25. Bb4 $36 {[%mdl 2048] Black is under pressure.} Rec8 {[#]} (25... Bxb2 $11 {remains equal.} 26. g3 (26. Nxd6 Re3 $15) (26. Bxd6 f5 $11) 26... d5) 26. Nc3 $1 $16 Re8 {And now ...Rxb2! would win.} 27. h3 Be3 28. Re1 {Nd5 is the strong threat.} Rc1 (28... Re6 $16 {is a better defense.}) 29. Nd1 $18 Re6 30. Nxe3 Rxe1+ 31. Bxe1 Rxe3 32. Bc3 Re7 33. Kg1 Rd7 34. Bd5 Rc7 35. Kf2 Rc5 36. Bb3 Kf8 37. Bb4 Rc6 38. Ke3 Ke7 39. Kd2 h5 40. Bd5 Rc7 41. Bc3 f5 42. Bd4 Ke8 43. g3 h4 44. gxh4 Rh7 (44... Ke7 $142 45. b3 Kf8) 45. Bf6 Kf8 46. Kd3 Rc7 47. Be6 Rc6 {White should prevent ...d5.} 48. h5 gxh5 {Strongly threatening ...d5.} 49. Bxf5 Kf7 50. Bc3 d5 51. Kd4 Rf6 52. Ke5 h4 53. Bd7 Rg6 54. f5 Rg3 55. Be6+ Ke8 56. f6 {Accuracy: White = 65%, Black = 38%.} 1-0

[Event "17th Caspian Cup-Masters 2019"]
[Site "Anzali"]
[Date "2019.02.13"]
[Round "2.6"]
[White "Mirzoev, Azer"]
[Black "Sheykhali, Mohammadreza"]
[Result "1/2-1/2"]
[WhiteElo "2483"]
[BlackElo "2203"]
[Annotator "TA"]
[PlyCount "111"]
[EventDate "2019.02.12"]
[EventType "swiss"]
[EventRounds "9"]
[EventCountry "IRI"]
[SourceTitle "playchess.com"]
[Source "ChessBase"]
[SourceQuality "1"]

{[%evp 16,111,31,33,34,52,38,24,42,27,39,32,53,64,85,90,81,77,82,70,79,59,88,30,15,29,30,11,24,-51,-44,-43,-38,-47,-47,-43,-43,-60,-52,-53,-59,-100,-19,-26,-33,-27,-23,-47,0,0,0,0,0,0,0,0,16,9,8,0,0,0,0,0,0,0,0,0,32,0,0,0,0,0,0,0,0,0,0,0,0,0,0,0,0,0,0,0,0,0,0,0,0,0,0,0,0,0]} 1. d4 Nf6 2. Nf3 g6 3. g3 Bg7 4. Bg2 d6 5. O-O O-O 6. b3 c6 7. Bb2 Qc7 8. Nbd2 Nbd7 9. a4 Re8 {A49: 1 d4 Nf6 2 Nf3 g6 3 g3: Anti-King's Indian systems} 10. e4 e5 11. Re1 (11. dxe5 dxe5 12. a5 Nc5 13. Qe2 Bg4 14. h3 Bxf3 15. Bxf3 Ne6 16. c3 Rad8 {½-½ (33) Mekhitarian,K (2546)-Fernandez Cardoso,A (2429) Montevideo 2018}) 11... b6 {White has an edge.} 12. dxe5 dxe5 13. Nc4 Ba6 $146 ({Predecessor:} 13... Bf8 14. Qd2 a5 15. Rad1 Bb4 16. Bc3 Bxc3 17. Qxc3 Ba6 18. Bf1 Bxc4 19. Bxc4 Nc5 20. Ng5 {½-½ (20) Vesselovsky,S (2415)-Mudrak,J (2387) Ostrava 2002}) 14. Qd6 Qxd6 15. Nxd6 Re6 16. Rad1 Bf8 17. Nxf7 {[%mdl 64] [#] Decoy} Kxf7 18. Ng5+ {[%mdl 64] Double Attack} Ke7 {With the idea ...Rd6.} 19. Nxe6 (19. f4 $16 h5 20. Rd2 (20. Nxe6 Kxe6 21. Bh3+ Ng4 $11)) 19... Kxe6 $11 20. Bh3+ Ke7 21. f4 Bc8 22. Kg2 ({White should play} 22. Re2 $11) 22... exf4 $15 23. gxf4 Nh5 24. Kf3 Ne5+ {[%mdl 64] [#] Discovered Attack} 25. Bxe5 {aiming for f5.} Bxh3 26. Rd6 Rc8 $1 27. a5 Kf7 28. Rdd1 Nf6 ({Black should try} 28... b5 $17 29. Bd6 Bg7) 29. axb6 $11 axb6 30. Ra1 Nd7 31. Ra7 Be6 32. Rd1 Ke8 33. Bd6 Bxd6 34. Rxd6 Ke7 35. Rd1 h6 36. Ke3 c5 37. h4 {Black must now prevent h5!} h5 $1 38. Rg1 Kf6 39. Rga1 Ke7 40. Rd1 b5 41. Rg1 Kf6 42. Ra6 {[%mdl 1024] White has compensation.} Re8 {The position is equal.} 43. Rd1 Ke7 44. Rdd6 Kf7 $1 45. Ra7 Re7 $1 46. e5 b4 47. Rc7 Ke8 48. Rdc6 Kf7 49. Kd2 Ke8 50. c3 bxc3+ 51. Kxc3 Kf7 52. Ra7 Ke8 53. Rc8+ Kf7 54. Rc6 Ke8 55. Rc8+ Kf7 56. Rc6 {Accuracy: White = 56%, Black = 72%.} 1/2-1/2

[Event "17th Caspian Cup-Masters 2019"]
[Site "Anzali"]
[Date "2019.02.13"]
[Round "2.7"]
[White "Danielyan, Vahe"]
[Black "Mikaelyan, Arman"]
[Result "0-1"]
[WhiteElo "2186"]
[BlackElo "2465"]
[Annotator "ChessBase"]
[PlyCount "140"]
[EventDate "2019.02.12"]
[EventType "swiss"]
[EventRounds "9"]
[EventCountry "IRI"]
[SourceTitle "playchess.com"]
[Source "ChessBase"]
[SourceQuality "1"]
[TimeControl "5400+30"]

1. e4 {[%emt 0:00:00]} e5 {[%emt 0:00:00]} 2. Nf3 {[%emt 0:00:00]} Nc6 {[%emt 0:00:00]} 3. Bb5 {[%emt 0:00:00]} a6 {[%emt 0:00:00]} 4. Ba4 {[%emt 0:00:00]} Nf6 {[%emt 0:00:00]} 5. O-O {[%emt 0:00:02]} Be7 {[%emt 0:00:07]} 6. d3 {[%emt 0:00:19]} b5 {[%emt 0:01:10]} 7. Bb3 {[%emt 0:00:06]} d6 {[%emt 0:00:46]} 8. a3 {[%emt 0:00:07]} O-O {[%emt 0:00:22]} 9. Nc3 {[%emt 0:00:09]} Bg4 {[%emt 0:00:50]} 10. Be3 {[%emt 0:00:06]} Nd4 {[%emt 0:00:22]} 11. Bxd4 {[%emt 0:00:10]} exd4 {[%emt 0:00:05]} 12. Nd5 {[%emt 0:00:05]} c5 {[%emt 0:00:14]} 13. a4 {[%emt 0:03:28]} b4 {[%emt 0:05:18]} 14. h3 {[%emt 0:02:13]} Be6 {[%emt 0:00:45]} 15. Re1 {[%emt 0:04:59]} Nxd5 {[%emt 0:08:00]} 16. Bxd5 {[%emt 0:00:32]} Bxd5 {[%emt 0:03:21]} 17. exd5 {[%emt 0:00:07]} Bg5 {[%emt 0:04:17]} 18. Re4 {[%emt 0:00:07]} Bh6 {[%emt 0:02:45]} 19. b3 Qf6 {[%emt 0:13:11]} 20. Nh2 {[%emt 0:23:43]} Qf5 {[%emt 0:04:49]} 21. Qf3 {[%emt 0:11:40]} Qxd5 {[%emt 0:02:21]} 22. Rae1 {[%emt 0:02:35]} Bg5 {[%emt 0:11:23]} 23. h4 {[%emt 0:02:55]} Bd8 {[%emt 0:04:15]} 24. g3 {[%emt 0:00:39]} h6 {[%emt 0:08:02]} 25. Kg2 {[%emt 0:01:41]} Rc8 {[%emt 0:05:04]} 26. Nf1 {[%emt 0:00:46]} Qc6 {[%emt 0:04:13]} 27. Nd2 {[%emt 0:01:13]} Qd7 {[%emt 0:00:07]} 28. R4e2 {[%emt 0:00:47]} Qc6 {[%emt 0:02:39]} 29. Nc4 {[%emt 0:02:04]} Qxf3+ {[%emt 0:01:14]} 30. Kxf3 {[%emt 0:00:03]} d5 {[%emt 0:00:31]} 31. Ne5 {[%emt 0:04:55]} Rc7 {[%emt 0:00:25]} 32. h5 {[%emt 0:03:33]} Bf6 {[%emt 0:01:13]} 33. Ng4 {[%emt 0:00:44]} c4 {[%emt 0:00:42]} 34. bxc4 {[%emt 0:03:36]} dxc4 {[%emt 0:00:04]} 35. Re4 {[%emt 0:00:43]} Rd8 {[%emt 0:03:24]} 36. Nxf6+ {[%emt 0:03:01]} gxf6 {[%emt 0:00:04]} 37. Rf4 {[%emt 0:00:05]} cxd3 {[%emt 0:04:53]} 38. cxd3 {[%emt 0:00:04]} b3 {[%emt 0:00:23]} 39. Rb1 {[%emt 0:00:09]} Rc3 {[%emt 0:00:38]} 40. Ke4 {[%emt 0:00:47]} Rb8 {[%emt 0:01:32]} 41. Kxd4 {[%emt 0:03:34]} Rc2 {[%emt 0:00:03]} 42. Ke3 {[%emt 0:04:05]} b2 {[%emt 0:00:03]} 43. Rc4 {[%emt 0:00:51]} Re8+ {[%emt 0:00:03]} 44. Re4 {[%emt 0:02:37]} Kf8 {[%emt 0:00:36]} 45. f3 {[%emt 0:00:19]} Re6 {[%emt 0:03:27]} 46. g4 {[%emt 0:00:58]} Ke7 {[%emt 0:00:26]} 47. a5 {[%emt 0:01:26]} Kd6 {[%emt 0:00:23]} 48. Kf4 {[%emt 0:01:17]} Kc5 {[%emt 0:02:04]} 49. Kf5 {[%emt 0:01:10]} Rxe4 {[%emt 0:02:37]} 50. dxe4 {[%emt 0:00:25]} Kb4 {[%emt 0:00:41]} 51. Kxf6 {[%emt 0:00:45]} Kxa5 {[%emt 0:01:12]} 52. Kxf7 {[%emt 0:02:33]} Kb4 {[%emt 0:02:04]} 53. e5 {[%emt 0:00:57]} Kb3 {[%emt 0:01:41]} 54. e6 {[%emt 0:00:05]} Rf2 {[%emt 0:01:09]} 55. g5 {[%emt 0:00:52]} Rxf3+ {[%emt 0:00:25]} 56. Kg6 {[%emt 0:01:03]} Re3 {[%emt 0:00:36]} 57. Kf5 {[%emt 0:00:19]} Rf3+ {[%emt 0:00:32]} 58. Ke4 {[%emt 0:01:29]} Rf8 {[%emt 0:00:21]} 59. g6 {[%emt 0:00:32]} a5 {[%emt 0:00:15]} 60. g7 {[%emt 0:02:06]} Ra8 {[%emt 0:00:31]} 61. Ke5 {[%emt 0:01:53]} a4 {[%emt 0:00:09]} 62. Rg1 {[%emt 0:00:01]} a3 {[%emt 0:01:14]} 63. g8=Q {[%emt 0:00:53]} Rxg8 {[%emt 0:00:03]} 64. Rxg8 {[%emt 0:00:03]} a2 {[%emt 0:00:13]} 65. Rb8+ {[%emt 0:01:22]} Kc4 {[%emt 0:00:26]} 66. Rc8+ {[%emt 0:00:24]} Kd3 {[%emt 0:00:20]} 67. Rd8+ {[%emt 0:00:19]} Ke3 {[%emt 0:00:58]} 68. e7 {[%emt 0:00:22]} b1=Q {[%emt 0:00:08]} 69. e8=Q {[%emt 0:00:05]} Qe4+ {[%emt 0:00:47]} 70. Kd6 {[%emt 0:01:20]} a1=Q {[%emt 0:00:05]} 0-1